La vida del Buscón llamado Don Pablos.

সংরক্ষণ করুন:
গ্রন্থ-পঞ্জীর বিবরন
প্রধান লেখক: Quevedo Villegas, Francisco de (autor)
অন্যান্য লেখক: Ynduráin, Domingo (Editor), Lázaro Carreter, Fernando (texto fijado)
বিন্যাস: গ্রন্থ
প্রকাশিত: Madrid, España: Cátedra, 2008.
সংস্করন:23.ª edición
মালা:Letras Hispánicas
বিষয়গুলি:
ট্যাগগুলো: ট্যাগ যুক্ত করুন
কোনো ট্যাগ নেই, প্রথমজন হিসাবে ট্যাগ করুন!

MARC

LEADER 00000cam a2200000 a 4500
001 UCH5534
003 CL-VaPUC
005 20241121123142.0
008 241114t2008 ||||| |||| 00| 0 eng d
999 |c 445697  |d 445695 
020 |a 978-84-376-0237-0 
040 |c Pontificia Universidad Católica de Valparaíso 
082 0 4 |a 863 QUE 2008  |2 21 
100 |a Quevedo Villegas, Francisco de  |e autor  |9 515050 
245 1 3 |a La vida del Buscón llamado Don Pablos. 
250 |a 23.ª edición 
260 |a Madrid, España:  |b Cátedra,   |c 2008. 
300 |a 309 páginas. 
490 0 |a Letras Hispánicas  |n  124. 
500 |a c.1 Donación Biblioteca Mayor de Filosofía y Educación. 5-11- 2024. 
583 |k Catalogador Asistente  |c 20241114 
650 0 |a Literatura española  |9 306261 
650 0 |a Novelas españolas  |9 265052 
700 |a Ynduráin, Domingo  |e editor  |9 893798 
700 |a Lázaro Carreter, Fernando  |e texto fijado  |9 893799 
942 |c BK  |2 ddc 
952 |0 0  |1 0  |2 ddc  |4 0  |6 863_000000000000000_QUE_2008  |7 0  |8 A  |9 598020  |a BIBEDU  |b BIBEDU  |d 2024-11-14  |e Donación  |i 5663259  |o 863 QUE 2008  |p 5663259  |r 2024-11-14  |t 1  |w 2024-11-14  |y BK  |k EDU